000 00973 a2200193 4500
003 NUST
005 20230124175404.0
010 _a87171698
040 _cNust
082 _a823,HOP
100 _aHope, Anthony,
_9107570
245 _aQuisanté /
_cAnthony Hope
260 _aLondon
_bMethuen
_c1925
300 _a304 p.;
_b20 cm
505 _aDisk Benyon Outsider (Page-7),Moments(Page-19), Sandro Way(Page-31), He Coming(Page-43),Whimsy Whamsies (Page-58),Om Duty Hill (Page-73),Advice Form Aunt (Page-86),Contra Mundum (Page-101),Lead Us Not (Page-114),Practical Politics (Page-128),Seventy-Seven And Susy Sinnentt (Page-144),A Highly Vorrect (Page-160),Not Superhuman (Page-175),Open Eyes (Page-191),A Strange Idea (Page-208),The Irrevocable (Page-225), Done For? (Page-243),For Lock Of Love(Page-259),Death Defied (Page-274),The Quiet Life (Page-287),A Relict (Page-300).
600 _aHope, Anthony,
_9107570
650 _aNovel
_92525
942 _2ddc
_cBK
_k823,HOP
999 _c186788
_d186788